FAO forestry paper N133: Forest codes of practice: Contributing to environmentally sound forest operations

Shranjeno v:
Bibliografske podrobnosti
Glavni avtor: FAO
Format: Knjiga
Jezik:Undetermined
Izdano: Rome FAO 1996
Teme:
Oznake: Označite
Brez oznak, prvi označite!
Thư viện lưu trữ: Trung tâm Học liệu Trường Đại học Cần Thơ
LEADER 00542nam a2200181Ia 4500
001 CTU_17108
008 210402s9999 xx 000 0 und d
082 |a 634 
082 |b F716/N13 
100 |a FAO 
245 0 |a FAO forestry paper N133: Forest codes of practice: Contributing to environmentally sound forest operations 
245 0 |c FAO 
260 |a Rome 
260 |b FAO 
260 |c 1996 
650 |a forests and forestry 
904 |i Nguyễn Quang Điền, 970611 
980 |a Trung tâm Học liệu Trường Đại học Cần Thơ